Freak the Mighty / (Record no. 2644)

MARC details
000 -LEADER
fixed length control field 01186cam a22003258i 4500
005 - DATE AND TIME OF LATEST TRANSACTION
control field 20250619151106.0
020 ## - INTERNATIONAL STANDARD BOOK NUMBER
International Standard Book Number 9780439286060
040 ## - CATALOGING SOURCE
Original cataloging agency DLC
Language of cataloging eng
Description conventions rda
Transcribing agency DLC
050 10 - LIBRARY OF CONGRESS CALL NUMBER
Classification number PZ7.P52112
Item number Fr 2018
082 00 - DEWEY DECIMAL CLASSIFICATION NUMBER
Classification number 813
Edition number 23
100 1# - MAIN ENTRY--PERSONAL NAME
Personal name Philbrick, Rodman
Fuller form of name (W. Rodman),
Relator term author.
245 10 - TITLE STATEMENT
Title Freak the Mighty /
Statement of responsibility, etc. by Rodman Philbrick
250 ## - EDITION STATEMENT
Edition statement Large print edition.
260 ## - PUBLICATION, DISTRIBUTION, ETC.
Place of publication, distribution, etc. New York :
Name of publisher, distributor, etc. Scholastic,
Date of publication, distribution, etc. 1993
300 ## - PHYSICAL DESCRIPTION
Extent 169 pages :
Dimensions 20cm
500 ## - GENERAL NOTE
General note "Thorndike Press® Large Print Mini-Collections."
505 ## - FORMATTED CONTENTS NOTE
Formatted contents note Z
520 ## - SUMMARY, ETC.
Summary, etc. At the beginning of eighth grade, learning disabled Max and his new friend Freak, whose birth defect has affected his body but not his brilliant mind, find that when they combine forces they make a powerful team.
521 ## - TARGET AUDIENCE NOTE
Target audience note 930
Source Lexile
521 ## - TARGET AUDIENCE NOTE
Target audience note Z
Source Raz-Plus
650 #0 - SUBJECT ADDED ENTRY--TOPICAL TERM
Topical term or geographic name entry element Large type books.
650 #1 - SUBJECT ADDED ENTRY--TOPICAL TERM
Topical term or geographic name entry element Learning disabilities
Form subdivision Fiction.
650 #1 - SUBJECT ADDED ENTRY--TOPICAL TERM
Topical term or geographic name entry element People with disabilities
Form subdivision Fiction.
650 #1 - SUBJECT ADDED ENTRY--TOPICAL TERM
Topical term or geographic name entry element Friendship
Form subdivision Fiction.
650 #1 - SUBJECT ADDED ENTRY--TOPICAL TERM
Topical term or geographic name entry element Large type books.
650 #7 - SUBJECT ADDED ENTRY--TOPICAL TERM
Topical term or geographic name entry element JUVENILE FICTION / Social Issues / Friendship.
Source of heading or term bisacsh
906 ## - LOCAL DATA ELEMENT F, LDF (RLIN)
a 7
b cbc
c orignew
d 1
e ecip
f 20
g y-gencatlg
942 ## - ADDED ENTRY ELEMENTS (KOHA)
Source of classification or shelving scheme Dewey Decimal Classification
Koha item type Books
Suppress in OPAC No
999 ## -
-- 2644
-- 2644
Holdings
Withdrawn status Lost status Source of classification or shelving scheme Damaged status Not for loan Collection Home library Current library Shelving location Date acquired Total Checkouts Full call number Barcode Date last seen Copy number Price effective from Koha item type
    Dewey Decimal Classification     Fiction Footprints International School Library Network Toul Tom Poung Campus Footprints International School Library Network Toul Tom Poung Campus TTP Secondary Fiction Bookshelves 01/08/2024   PHI 813 PZ7.P52112 FISSE00430 01/08/2024 1 01/08/2024 Books
    Dewey Decimal Classification     Fiction Footprints International School Library Network Toul Tom Poung Campus Footprints International School Library Network Toul Tom Poung Campus TTP Secondary Fiction Bookshelves 06/03/2024   PHI 813 PZ7.P52112 2024-0790 06/03/2024 2 06/03/2024 Books
    Dewey Decimal Classification     Fiction Footprints International School Library Network Toul Tom Poung Campus Footprints International School Library Network Toul Tom Poung Campus TTP Secondary Fiction Bookshelves 06/05/2024   PHI 813 PZ7.P52112 2024-0797 06/05/2024 3 06/05/2024 Books
    Dewey Decimal Classification     Fiction Footprints International School Library Network Toul Tom Poung Campus Footprints International School Library Network Toul Tom Poung Campus TTP Secondary Fiction Bookshelves 06/05/2024   PHI 813 PZ7.P52112 FISSE00492 12/10/2024 4 06/05/2024 Books
    Dewey Decimal Classification     Fiction Footprints International School Library Network Toul Tom Poung Campus Footprints International School Library Network Toul Tom Poung Campus TTP Secondary Fiction Bookshelves 06/05/2024   PHI 813 PZ7.P52112 FISSE01365 12/10/2024 5 06/05/2024 Books
    Dewey Decimal Classification     Fiction Footprints International School Library Network Toul Tom Poung Campus Footprints International School Library Network Toul Tom Poung Campus TTP Secondary Fiction Bookshelves 06/19/2025   PHI 813 PZ7.P52112 FISSE00426 06/19/2025 6 06/19/2025 Books